|
|
|
|
| LEADER |
00000nab a2200000 a 4500 |
| 001 |
vtls000817185 |
| 003 |
SK-MaSNL |
| 005 |
20260304221435.0 |
| 008 |
140716c2000 xo 0 slo |
| 015 |
|
|
|a SNBRB2002/12-40298
|
| 035 |
|
|
|a CLN000168840
|
| 040 |
|
|
|a SNKBUCL
|b slo
|c SNKBUCL
|e AACR2
|
| 041 |
0 |
|
|a slo
|
| 044 |
|
|
|a xo
|c SK
|
| 080 |
|
|
|a 615:069.013(437.6-25)
|2 1997
|
| 100 |
1 |
|
|a Prachárová, Beata
|4 ivr
|9 1401555
|
| 245 |
1 |
0 |
|a S magistrou Máriou Antolíkovou z Farmaceutického múzea v Bratislave nielen o histórii
|c Beata Prachárová
|
| 610 |
2 |
7 |
|a Farmaceutické múzeum (Bratislava, Slovensko)
|2 snkbucl
|9 506438
|
| 650 |
0 |
7 |
|a farmácia
|2 snkbucl
|9 2467
|
| 650 |
0 |
7 |
|a lekárne
|2 snkbucl
|9 2516
|
| 650 |
0 |
7 |
|a múzeá
|2 snkbucl
|9 4119
|
| 650 |
0 |
7 |
|a vybavenie a nábytkové zariadenia, vnútorné
|2 snkbucl
|9 1431372
|
| 650 |
0 |
7 |
|a farmakopoea
|2 snkbucl
|9 1055267
|
| 650 |
0 |
7 |
|a príprava liekov
|2 snkbucl
|9 73470
|
| 650 |
0 |
7 |
|a prístrojové vybavenie
|2 snkbucl
|9 862295
|
| 655 |
|
7 |
|a články z novín a časopisov
|2 snkbucl
|9 267496
|
| 700 |
1 |
|
|a Antolíková, Mária
|4 ive
|9 391941
|
| 773 |
0 |
|
|t Lekárnik
|g Roč. 5, č. 5 (2000), s. 24-25
|
| 850 |
|
|
|a Slovenská národná knižnica v Martine
|
| 852 |
|
|
|a SNK
|b KIS3GCP
|
| 958 |
|
|
|a MI
|
| 992 |
|
|
|a RBX
|
| 999 |
|
|
|c 3157939
|d 3159869
|